000 00942nam a2200229Ii 4500
003 JO-AjNU
008 230605s9999||||xx |||||||||||||| ||und||
017 _a2010/9113
020 _a978-977-379-292-8
040 _aJO-AjNU
_bara
_erda
_cJO-AjNU
041 _aara
050 1 4 _aKBP892.6.B23.2011
100 3 _aبدوى ، هشام السعدنى خليفة ,
_eauthor
_932195
245 0 0 _aعقود المشتقات المالية : دراسة فقهية إقتصادية مقارنة
250 _a(د،ط)
264 3 1 _aالاسكندرية : دار الفكر الجامعى ، 2011
300 _a526ص
_bيشتمل على قائمة المصادر والمراجع الببلوغرافية ص ( 477 - 519 )
336 _atext
_btxt
_2rdacontent
337 _aunmediated
_bn
_2rdamedia
338 _avolume
_bnc
_2rdacarrier
650 4 _aعقود المشتقات المالية -- دراسات فقهية اقتصادية
_932196
999 _aA12968
_c16536
_d16536